000
00219 a2200097 4500
001
20737
100
_a
C G M
245
_a
Dictionary of guided missile terms
260
_a
_b
Public Affairs
_c
1949
090
_c
15021
_d
15021
942
_a
NUST-CAE
_c
M
_c
5583
999
_c
255810
_d
255810